[Event "Titled Tuesday intern op 3rd Jan"]
[Site "Chess.com INT"]
[Date "2019.12.03"]
[Round "3"]
[White "Filali, Razzouki Marouan"]
[Black "Chylewski, Patryk"]
[Result "0-1"]
[WhiteElo "2252"]
[BlackElo "2357"]
[PlyCount "52"]
[EventDate "2019.12.03"]
[EventType "swiss (blitz)"]
[EventRounds "10"]
[EventCountry "USA"]
[SourceTitle "EXT 2021"]
[Source "ChessBase"]
[SourceDate "2020.10.23"]
[SourceVersion "1"]
[SourceVersionDate "2020.10.23"]
[SourceQuality "1"]

1. e4 c5 2. Nf3 d6 3. d4 cxd4 4. Nxd4 Nf6 5. f3 e5 6. Nb3 a5 7. c4 a4 8. N3d2 Be7 9. Nc3 Qa5 10. Be2 Bd8 11. 0-0 Bb6+ 12. Kh1 0-0 13. Rb1 Nc6 14. Nb5 Rd8 15. a3 Be6 16. b4 axb3 17. Nxb3 Qa4 18. Qc2 Rac8 19. Bg5 Ne7 20. Rfc1 Ng6 21. Qd3 Nf4 22. Bxf4 exf4 23. N3d4 Bc5 24. Bd1 Qa5 25. Ne2 Be3 26. Rc2 Qe1+ 0-1

[Event "Titled Tuesday intern op 3rd Sept"]
[Site "Chess.com INT"]
[Date "2019.09.03"]
[Round "3"]
[White "Komissarov, Alexey"]
[Black "Filali, Razzouki Marouan"]
[Result "0-1"]
[WhiteElo "2175"]
[BlackElo "2252"]
[PlyCount "48"]
[EventDate "2019.09.03"]
[EventType "swiss (blitz)"]
[EventRounds "10"]
[EventCountry "USA"]
[SourceTitle "EXT 2021"]
[Source "ChessBase"]
[SourceDate "2020.10.23"]
[SourceVersion "1"]
[SourceVersionDate "2020.10.23"]
[SourceQuality "1"]

1. d4 c6 2. e4 d5 3. Nd2 dxe4 4. Nxe4 Nf6 5. Nxf6+ exf6 6. Bc4 Be7 7. Be3 0-0 8. Ne2 Bf5 9. Nf4 Na6 10. c3 Nc7 11. Qh5 Qd7 12. h3 Nd5 13. Nxd5 cxd5 14. Be2 Rfe8 15. Bg4 Bxg4 16. hxg4 h6 17. 0-0-0 Bf8 18. Qf5 Re6 19. Rh3 Qa4 20. Qxd5 Ra6 21. a3 Rc8 22. Bd2 Ra5 23. Qxb7 Rc6 24. Qb6 Rxb6 0-1

[Event "Titled Tuesday intern op 6th Aug"]
[Site "Chess.com INT"]
[Date "2019.08.06"]
[Round "3"]
[White "Li, William"]
[Black "Filali, Razzouki Marouan"]
[Result "1-0"]
[WhiteElo "2135"]
[BlackElo "2252"]
[PlyCount "77"]
[EventDate "2019.08.06"]
[EventType "swiss (blitz)"]
[EventRounds "10"]
[EventCountry "USA"]
[SourceTitle "EXT 2021"]
[Source "ChessBase"]
[SourceDate "2020.10.23"]
[SourceVersion "1"]
[SourceVersionDate "2020.10.23"]
[SourceQuality "1"]

1. e4 c6 2. d4 d5 3. exd5 cxd5 4. c4 Nf6 5. Nc3 Nc6 6. Bg5 e6 7. Nf3 Be7 8. c5 0-0 9. Bb5 Ne4 10. Be3 Nxc3 11. bxc3 Qa5 12. Bxc6 bxc6 13. 0-0 Ba6 14. Re1 Qxc3 15. Ne5 Rfc8 16. Qh5 g6 17. Qh3 Bf6 18. Ng4 Bxd4 19. Nh6+ Kg7 20. Rac1 Qb2 21. Qf3 Rc7 22. Bf4 Rd7 23. Ng4 f6 24. Bh6+ Kg8 25. Rxe6 Rf7 26. Rce1 Qb8 27. Rxc6 Bc4 28. Rce6 Qc8 29. c6 Rb8 30. c7 Rxc7 31. Nxf6+ Kh8 32. h4 Bc5 33. Re8+ Qxe8 34. Rxe8+ Rxe8 35. Nxe8 d4 36. Nxc7 Bd6 37. Ne8 Kg8 38. Nxd6 Bf7 39. Qxf7+ 1-0

[Event "Titled Tuesday intern op 7th May"]
[Site "Chess.com INT"]
[Date "2019.05.07"]
[Round "1"]
[White "Wagner, Dennis"]
[Black "Filali, Razzouki Marouan"]
[Result "0-1"]
[WhiteElo "2578"]
[BlackElo "2252"]
[PlyCount "113"]
[EventDate "2019.05.07"]
[EventType "swiss (blitz)"]
[EventRounds "10"]
[EventCountry "USA"]
[SourceTitle "EXT 2021"]
[Source "ChessBase"]
[SourceDate "2020.10.23"]
[SourceVersion "1"]
[SourceVersionDate "2020.10.23"]
[SourceQuality "1"]

1. d4 c6 2. Nf3 d5 3. c4 Nf6 4. e3 g6 5. Nc3 Bg7 6. Be2 0-0 7. 0-0 e6 8. b3 Nbd7 9. Ba3 Re8 10. h3 Ne4 11. Nxe4 dxe4 12. Nd2 f5 13. Bd6 e5 14. c5 exd4 15. exd4 Bxd4 16. b4 Bxa1 17. Qb3+ Kg7 18. Rxa1 Nf6 19. Rd1 Be6 20. Qb2 Qd7 21. Nc4 Bxc4 22. Bf8+ Kxf8 23. Rxd7 Nxd7 24. Bxc4 Ne5 25. Bb3 Rad8 26. Qc1 Kg7 27. Kh2 Rd7 28. Qb2 Rd3 29. a4 h5 30. b5 Kh7 31. Ba2 Rd7 32. a5 Nd3 33. Qf6 Ree7 34. Be6 Rxe6 35. Qxe6 Nxc5 36. Qc4 Nd3 37. a6 c5 38. Qe6 Rg7 39. h4 bxa6 40. bxa6 Nxf2 41. Qc8 e3 42. Qxc5 Rd7 43. Kg3 Ne4+ 44. Kf4 Nxc5 45. Kxe3 Nxa6 46. Kf3 Rd4 47. g3 Rg4 48. Kg2 Nc5 49. Kh3 a5 50. Kh2 a4 51. Kh3 a3 52. Kh2 a2 53. Kh3 a1Q 54. Kh2 Rxh4+ 55. gxh4 Qd4 56. Kg3 Qg4+ 57. Kh2 0-1

[Event "Agadir zt 4.1"]
[Site "Agadir"]
[Date "2016.05.30"]
[Round "9"]
[White "Filali, Razzouki Marouan"]
[Black "Bouhaddoun, Oussama"]
[Result "1-0"]
[WhiteElo "2206"]
[BlackElo "2234"]
[PlyCount "74"]
[EventDate "2016.05.24"]
[EventType "swiss"]
[EventRounds "9"]
[EventCountry "MAR"]
[SourceTitle "CBM 172 Extra"]
[Source "ChessBase"]
[SourceDate "2016.06.21"]
[SourceVersion "1"]
[SourceVersionDate "2016.06.21"]
[SourceQuality "1"]

1. e4 c5 2. Nc3 Nc6 3. g3 g6 4. Bg2 Bg7 5. d3 e6 6. Be3 Nd4 7. Qd2 Ne7 8. Nd1 d6 9. c3 Ndc6 10. Bh6 0-0 11. h4 f6 12. Bxg7 Kxg7 13. f4 d5 14. Ne3 dxe4 15. dxe4 Qxd2+ 16. Kxd2 Rd8+ 17. Kc2 b6 18. Nh3 Ba6 19. Rad1 Be2 20. Rd2 Rxd2+ 21. Kxd2 Ba6 22. Kc2 Rd8 23. Rd1 Rxd1 24. Kxd1 h6 25. Kd2 Kf7 26. Nf2 Na5 27. b3 Nac6 28. Nfg4 Kg7 29. Nf2 Kf7 30. Nd3 Na5 31. e5 f5 32. Nb2 g5 33. hxg5 hxg5 34. Bf3 Nd5 35. Nxd5 exd5 36. Bxd5+ Kg6 37. b4 Nb7 1-0

[Event "Agadir zt 4.1"]
[Site "Agadir"]
[Date "2016.05.25"]
[Round "3"]
[White "Bengherabi, Khalil"]
[Black "Filali, Razzouki Marouan"]
[Result "1/2-1/2"]
[WhiteElo "2280"]
[BlackElo "2206"]
[PlyCount "48"]
[EventDate "2016.05.24"]
[EventType "swiss"]
[EventRounds "9"]
[EventCountry "MAR"]
[SourceTitle "CBM 172 Extra"]
[Source "ChessBase"]
[SourceDate "2016.06.21"]
[SourceVersion "1"]
[SourceVersionDate "2016.06.21"]
[SourceQuality "1"]

1. e4 c6 2. d4 d5 3. e5 Bf5 4. h4 h5 5. Bg5 Qc7 6. Bd3 Bxd3 7. Qxd3 e6 8. Nf3 c5 9. c4 cxd4 10. cxd5 Qa5+ 11. Nbd2 Qxd5 12. Qxd4 Ne7 13. Ne4 Qxd4 14. Nxd4 Nd5 15. Rc1 Nd7 16. Nb5 Bb4+ 17. Ke2 0-0 18. a3 Ba5 19. Nc5 Nxe5 20. Nxb7 Bb6 21. f3 a6 22. N5d6 Rfb8 23. b4 Ra7 24. Nc5 Bd8 1/2-1/2